| 000 | 01397cam a2200325 a 4500 | ||
|---|---|---|---|
| 001 | sensesensualityn00brac | ||
| 003 | CaSfIA | ||
| 005 | 20210119081443.0 | ||
| 007 | cr|||| | ||
| 008 | 860814r19871984nyu 000 1 eng | ||
| 010 | _a 86014576 | ||
| 040 |
_aDLC _cDLC _dBTCTA _dYDXCP _dSMP _dCaSfIA |
||
| 020 |
_a080087062X : _c$14.95 |
||
| 020 | _a9780800870621 | ||
| 035 | _a(OCoLC)14164755 | ||
| 050 | 0 | 4 |
_aPR6052.R24 _bS4 1987 |
| 082 | 0 |
_a823/.914 _219 |
|
| 100 | 1 | _aBrackenbury, Rosalind. | |
| 245 | 1 | 0 |
_aSense and sensuality : _h[electronic resource] _ba novel / _cRosalind Brackenbury. |
| 250 | _a1st American ed. | ||
| 260 |
_aNew York : _bTaplinger, _c1987, c1985. |
||
| 300 |
_a255 p. ; _c21 cm. |
||
| 500 | _aReprint. Originally published: Brighton, Sussex : Harvester Press, 1984. | ||
| 856 | 4 | 1 |
_uhttp://www.archive.org/details/sensesensualityn00brac _zFree eBook from the Internet Archive |
| 856 | 4 | 2 |
_uhttp://www.openlibrary.org/books/OL2721101M _zAdditional information and access via Open Library |
| 029 | 1 |
_aNZ1 _b3245765 |
|
| 942 | _cEB | ||
| 506 | _fНеобхідна авторизація на https://archive.org/ (створення облікового запису безкоштовно) | ||
| 506 | _fНеобхідна авторизація на https://openlibrary.org/ (створення облікового запису безкоштовно) | ||
| 999 |
_c547588 _d547588 |
||